Archivovanie a uchovávanie personálnej a mzdovej agendy
Základné povinnosti podnikateľských subjektov v oblasti archivovania a uchovávania personálnej a mzdovej agendy v zmysle novelizovaného zákona o archívoch a registratúrach. Legislatívne zabezpečenie. Registratúra, registratúrny poriadok a plán. Vyraďovacie konanie. Personálna a mzdová agenda ako súč...
Guardado en:
| Autor principal: | |
|---|---|
| Formato: | Capítulo de libro |
| Lenguaje: | eslovaco |
| Materias: | |
| Etiquetas: |
Sin Etiquetas, Sea el primero en etiquetar este registro!
|
MARC
| LEADER | 00000naa$a2200000$$$4500 | ||
|---|---|---|---|
| 001 | 0056736 | ||
| 005 | 20231109091538.2 | ||
| 041 | 0 | |a slo | |
| 044 | |a SK | ||
| 245 | 1 | 0 | |a Archivovanie a uchovávanie personálnej a mzdovej agendy |c Eva Gášpárová |
| 520 | |a Základné povinnosti podnikateľských subjektov v oblasti archivovania a uchovávania personálnej a mzdovej agendy v zmysle novelizovaného zákona o archívoch a registratúrach. Legislatívne zabezpečenie. Registratúra, registratúrny poriadok a plán. Vyraďovacie konanie. Personálna a mzdová agenda ako súčasť registratúry. Personálna a mzdová agenda v registratúrnom pláne. | ||
| 610 | 2 | 0 | |a archívy |
| 610 | 2 | 0 | |a registre |
| 610 | 2 | 0 | |a agenda spisová |
| 610 | 2 | 0 | |a mzdy |
| 610 | 2 | 0 | |a personalistika |
| 610 | 2 | 0 | |a legislatíva |
| 100 | 1 | |a Gášpárová, Eva | |